[Event "AUT-ch U12"]
[Site "Woerth"]
[Date "2014.06.07"]
[Round "2"]
[White "Lauer, Falk"]
[Black "Schmidt, Florian"]
[Result "1-0"]
[WhiteElo "1366"]
[BlackElo "1215"]
[PlyCount "94"]
[EventDate "2014.06.07"]
[EventType "swiss"]
[EventRounds "7"]
[EventCountry "AUT"]
[SourceTitle "EXT 2016"]
[Source "ChessBase"]
[SourceDate "2015.10.08"]
[SourceVersion "1"]
[SourceVersionDate "2015.10.08"]
[SourceQuality "1"]

1. d4 d5 2. Bf4 Nc6 3. Nc3 Nf6 4. e3 Bf5 5. a3 e6 6. Bb5 Ne4 7. Nf3 f6 8. 0-0 Bd6 9. Bxd6 cxd6 10. Bxc6+ bxc6 11. Nd2 0-0 12. f3 Nxc3 13. bxc3 Rb8 14. Re1 Qe8 15. e4 dxe4 16. Nxe4 d5 17. Nd6 Qg6 18. Nxf5 Qxf5 19. Qc1 e5 20. Rb1 Rxb1 21. Qxb1 Rf7 22. dxe5 fxe5 23. Qb8+ Rf8 24. Qxe5 Qxc2 25. Qe6+ Rf7 26. Qxc6 Qf5 27. Re8+ Rf8 28. Qe6+ Qxe6 29. Rxe6 Rc8 30. Re3 Kf7 31. Kf2 Rb8 32. Re5 Rb5 33. h4 Kf6 34. Re3 Ra5 35. Ke2 Rxa3 36. Kd3 a5 37. Kd4 a4 38. Kxd5 Rb3 39. Kc4 Rb2 40. g4 a3 41. Re1 a2 42. Ra1 Ke5 43. Kd3 Rh2 44. h5 Kf4 45. c4 Kxf3 46. c5 Kxg4 47. c6 Rb2 1-0